[Event "PriFO op active"]
[Site "Togliatti"]
[Date "2014.03.23"]
[Round "1"]
[White "Ipatov, Alexander"]
[Black "Kharlov, Andrei"]
[Result "0-1"]
[WhiteElo "2578"]
[BlackElo "2474"]
[PlyCount "74"]
[EventDate "2014.03.23"]
[EventType "swiss"]
[EventRounds "7"]
[EventCountry "RUS"]
[SourceTitle "EXT 2016"]
[Source "ChessBase"]
[SourceDate "2015.10.08"]
[SourceVersion "1"]
[SourceVersionDate "2015.10.08"]
[SourceQuality "1"]

1. e4 c5 2. Nf3 e6 3. d4 cxd4 4. Nxd4 Nf6 5. Bd3 Nc6 6. Nxc6 bxc6 7. 0-0 d5 8. e5 Nd7 9. f4 Qb6+ 10. Kh1 Ba6 11. Bxa6 Qxa6 12. Nd2 Be7 13. Nf3 Nc5 14. Be3 0-0 15. Bxc5 Bxc5 16. c3 Rab8 17. Qc2 g6 18. b3 Be7 19. c4 dxc4 20. bxc4 Rb4 21. Nd2 Rd8 22. h3 Qa4 23. Qc3 Qa5 24. Ne4 Ra4 25. Qc2 Rd4 26. Rfc1 Qa6 27. Rab1 Raxc4 28. Nf6+ Kg7 29. Qf2 Bxf6 30. exf6+ Kxf6 31. Qh4+ Kg7 32. Rf1 Rb4 33. Qg5 Qb5 34. Qxb5 cxb5 35. a3 Rxb1 36. Rxb1 a6 37. g3 Rd3 0-1

[Event "PriFO op active"]
[Site "Togliatti"]
[Date "2014.03.23"]
[Round "6"]
[White "Kharlov, Andrei"]
[Black "Korchmar, Vasiliy"]
[Result "1/2-1/2"]
[WhiteElo "2474"]
[BlackElo "2314"]
[PlyCount "75"]
[EventDate "2014.03.23"]
[EventType "swiss"]
[EventRounds "7"]
[EventCountry "RUS"]
[SourceTitle "EXT 2016"]
[Source "ChessBase"]
[SourceDate "2015.10.08"]
[SourceVersion "1"]
[SourceVersionDate "2015.10.08"]
[SourceQuality "1"]

1. c4 e5 2. g3 Nc6 3. Bg2 Nf6 4. Nc3 Bc5 5. e3 a6 6. Nge2 d6 7. 0-0 0-0 8. a3 Bf5 9. b4 Ba7 10. d3 Qc8 11. Nd5 Nxd5 12. cxd5 Ne7 13. e4 Bh3 14. Be3 Bxg2 15. Kxg2 c6 16. dxc6 Nxc6 17. Bxa7 Rxa7 18. Rc1 Qe6 19. f3 Raa8 20. Rf2 Rac8 21. d4 d5 22. exd5 Qxd5 23. dxe5 Qxd1 24. Rxd1 Nxe5 25. Nf4 Rc3 26. a4 Rb3 27. Nd5 h6 28. Re2 Nc6 29. Re4 Kh7 30. Ne7 Nxe7 31. Rxe7 Rxb4 32. Rdd7 b6 33. Rb7 Rxa4 34. Rxb6 Ra2+ 35. Kh3 a5 36. Ra6 a4 37. Rea7 g6 38. Rxa4 1/2-1/2

[Event "Volga Region-ch 12th"]
[Site "Togliatti"]
[Date "2014.03.18"]
[Round "5"]
[White "Faizrakhmanov, Ramil"]
[Black "Kharlov, Andrei"]
[Result "1/2-1/2"]
[WhiteElo "2325"]
[BlackElo "2496"]
[PlyCount "154"]
[EventDate "2014.03.14"]
[EventType "swiss"]
[EventRounds "9"]
[EventCountry "RUS"]
[SourceTitle "CBM 159 Extra"]
[Source "ChessBase"]
[SourceDate "2014.04.24"]
[SourceVersion "1"]
[SourceVersionDate "2014.04.24"]
[SourceQuality "1"]

1. d4 d5 2. c4 dxc4 3. Nf3 e6 4. e3 a6 5. Bxc4 b5 6. Bb3 Nf6 7. 0-0 Bb7 8. a4 Nbd7 9. Nbd2 c5 10. Qe2 Qb6 11. axb5 axb5 12. Rxa8+ Bxa8 13. Bc2 Be7 14. dxc5 Nxc5 15. e4 Qb8 16. e5 Nfd7 17. Re1 b4 18. Nd4 0-0 19. f4 Re8 20. f5 exf5 21. Bxf5 Bf6 22. Nc4 Nxe5 23. Kf1 Bd5 24. Ne3 Ng6 25. Qb5 Bxd4 26. Qxb8 Bxg2+ 27. Nxg2 Rxb8 28. Rd1 Bf6 29. Ne3 Ne7 30. Bh3 Na4 31. b3 Nc3 32. Rd7 h5 33. Nc2 Nc6 34. Bf4 Be5 35. Bxe5 Nxe5 36. Rc7 Ne4 37. Ke2 Rd8 38. Nxb4 Ng5 39. Bf5 g6 40. Bc2 Ne6 41. Rc3 Nd4+ 42. Kf2 Ng4+ 43. Kg2 Re8 44. Bd3 Rb8 45. Nc6 Nxc6 46. Rxc6 Rxb3 47. Rxg6+ Kf8 48. Rd6 Rb2+ 49. Kg3 Rd2 50. Rd8+ Ke7 51. Rd5 Nf6 52. Rd4 Kf8 53. h3 Kg7 54. Kf3 Kh6 55. Rd6 Kg7 56. Rd4 Rd1 57. Kf2 Ng8 58. Ke2 Rh1 59. Rh4 Kh6 60. Rf4 Kg7 61. Rh4 Nf6 62. Kf2 Rh2+ 63. Kg3 Rb2 64. Rf4 Rb3 65. Rf3 Rc3 66. Bf5 h4+ 67. Kf4 Nd5+ 68. Kg4 Rc4+ 69. Kh5 Ne7 70. Bd3 Rd4 71. Bc2 Nd5 72. Bf5 Rb4 73. Bg4 Nf6+ 74. Kg5 Ne4+ 75. Kxh4 Rb8 76. Bf5 Rh8+ 77. Kg4 Nf6+ 1/2-1/2

[Event "Samara Polugaevsky Memorial 3rd"]
[Site "Samara"]
[Date "2013.07.10"]
[Round "9"]
[White "Kryakvin, Dmitry"]
[Black "Kharlov, Andrei"]
[Result "0-1"]
[WhiteElo "2584"]
[BlackElo "2504"]
[PlyCount "97"]
[EventDate "2013.07.02"]
[EventType "swiss"]
[EventRounds "9"]
[EventCountry "RUS"]
[SourceTitle "CBM 155 Extra"]
[Source "ChessBase"]
[SourceDate "2013.08.26"]
[SourceVersion "1"]
[SourceVersionDate "2013.08.26"]
[SourceQuality "1"]

1. d4 Nf6 2. c4 e6 3. Nc3 Bb4 4. e3 c5 5. Nge2 cxd4 6. exd4 d5 7. c5 0-0 8. a3 Bxc3+ 9. Nxc3 Ne4 10. Qd3 f5 11. Bf4 Nc6 12. f3 Qf6 13. Ne2 Ng5 14. 0-0-0 Nf7 15. Nc3 b6 16. Na4 b5 17. Nc3 b4 18. axb4 Nxb4 19. Qe3 g5 20. Be5 Nxe5 21. dxe5 Qg7 22. Bb5 Rb8 23. h4 Ba6 24. Rd4 f4 25. Qd2 Bxb5 26. Rxb4 Bd7 27. Rxb8 Rxb8 28. Qd4 Be8 29. hxg5 Qb7 30. Nd1 Bg6 31. Rh4 Qb3 32. Qc3 Qa4 33. Rh6 Rb4 34. Rxg6+ hxg6 35. Qd3 Kg7 36. Nc3 Qa1+ 37. Qb1 Qa5 38. Qd3 Qxc5 39. Qa6 Qg1+ 40. Kc2 Qxg2+ 41. Ne2 Rc4+ 42. Kd2 Rc7 43. Qxe6 Qxg5 44. Nc3 d4 45. Qf6+ Qxf6 46. exf6+ Kf7 47. Ne4 Rc6 48. Kd3 Rb6 49. Kxd4 0-1

[Event "Samara Polugaevsky Memorial 3rd"]
[Site "Samara"]
[Date "2013.07.06"]
[Round "5"]
[White "Artamonov, Valery"]
[Black "Kharlov, Andrei"]
[Result "0-1"]
[WhiteElo "2242"]
[BlackElo "2504"]
[PlyCount "85"]
[EventDate "2013.07.02"]
[EventType "swiss"]
[EventRounds "9"]
[EventCountry "RUS"]
[SourceTitle "CBM 155 Extra"]
[Source "ChessBase"]
[SourceDate "2013.08.26"]
[SourceVersion "1"]
[SourceVersionDate "2013.08.26"]
[SourceQuality "1"]

1. g3 d5 2. Bg2 e5 3. c4 dxc4 4. Qa4+ c6 5. Qxc4 Be6 6. Qc3 f6 7. Nf3 Ne7 8. 0-0 Nd5 9. Qb3 Qd7 10. Qa4 Nb6 11. Qc2 c5 12. a4 Nc6 13. a5 Nd5 14. Nc3 Ndb4 15. Qd1 Qf7 16. Ra3 Be7 17. a6 b6 18. d3 0-0 19. Nd2 Rac8 20. f4 exf4 21. Nde4 f5 22. Rxf4 Qh5 23. Nf2 Nd4 24. Bb7 Rcd8 25. Qf1 Bd6 26. Rh4 Qg6 27. Kh1 Nbc2 28. Ra4 b5 29. Ra5 b4 30. Nd5 Nb3 31. Bf4 Qf7 32. Bxd6 Bxd5+ 33. e4 Bxb7 34. Bxf8 Nxa5 35. Bxc5 Ba8 36. Kg1 Nb3 37. Qh3 h6 38. g4 fxe4 39. Rh5 Nxc5 40. Rxc5 e3 41. Rxc2 exf2+ 42. Rxf2 Qd5 43. Kf1 0-1

[Event "Nezhmetdinov Memorial 35th"]
[Site "Kazan"]
[Date "2013.06.04"]
[Round "5"]
[White "Rychagov, Andrey"]
[Black "Kharlov, Andrei"]
[Result "0-1"]
[WhiteElo "2561"]
[BlackElo "2474"]
[PlyCount "52"]
[EventDate "2013.05.31"]
[EventType "swiss"]
[EventRounds "9"]
[EventCountry "RUS"]
[SourceTitle "CBM 154 Extra"]
[Source "ChessBase"]
[SourceDate "2013.06.25"]
[SourceVersion "2"]
[SourceVersionDate "2013.06.25"]
[SourceQuality "1"]

1. d4 Nf6 2. c4 e6 3. Nf3 d5 4. Nc3 dxc4 5. e4 Bb4 6. Bg5 c5 7. e5 cxd4 8. Nxd4 Bxc3+ 9. bxc3 Qa5 10. exf6 Qxg5 11. fxg7 Qxg7 12. Qd2 0-0 13. Bxc4 Bd7 14. 0-0 Nc6 15. Nf3 Rad8 16. Qe3 Ne7 17. Ne5 Bc6 18. Nxc6 Nxc6 19. f4 Kh8 20. Rae1 Rg8 21. Re2 Ne7 22. Qxa7 Qxc3 23. Bb3 Nf5 24. Qf2 Rg4 25. Rc2 Qg7 26. Qe1 Rg8 0-1

[Event "Samara Polugaevsky Memorial 1st"]
[Site "Samara"]
[Date "2011.07.07"]
[Round "3"]
[White "Zenzera, Alexey"]
[Black "Kharlov, Andrei"]
[Result "1-0"]
[WhiteElo "2236"]
[BlackElo "2532"]
[PlyCount "120"]
[EventDate "2011.07.05"]
[EventType "swiss"]
[EventRounds "9"]
[EventCountry "RUS"]
[SourceTitle "CBM 143 Extra"]
[Source "ChessBase"]
[SourceDate "2011.08.29"]
[SourceVersion "1"]
[SourceVersionDate "2011.08.29"]
[SourceQuality "1"]

1. d4 Nf6 2. c4 e6 3. Nf3 b6 4. g3 Bb7 5. Bg2 Be7 6. 0-0 0-0 7. Bf4 d5 8. Ne5 Qc8 9. Qc2 c5 10. dxc5 Bxc5 11. Nc3 dxc4 12. Bxb7 Qxb7 13. Nxc4 Nc6 14. Nb5 Rfd8 15. Rac1 a6 16. Nbd6 Qe7 17. Nxb6 Bxb6 18. Qxc6 e5 19. Nf5 Qe6 20. Be3 Bxe3 21. fxe3 Qxc6 22. Rxc6 Ne8 23. Rfc1 Kf8 24. g4 Rd2 25. R1c2 Rxc2 26. Rxc2 g6 27. Ng3 Nf6 28. g5 Nd5 29. Ne4 Ke7 30. Kf2 f5 31. Rc5 fxe4 32. Rxd5 Ke6 33. Ra5 Kf5 34. Kg3 Kxg5 35. Rxe5+ Kf6 36. Rxe4 Rb8 37. b3 Rb5 38. Ra4 a5 39. Rh4 Ke6 40. Re4+ Kf6 41. Rc4 Rg5+ 42. Kf3 Rh5 43. h4 Ke6 44. Rc6+ Kd7 45. Ra6 Rxh4 46. Rxa5 Rh3+ 47. Kf4 h6 48. Ra7+ Kc8 49. e4 g5+ 50. Kf5 Re3 51. Rh7 Rxe2 52. Rxh6 Rxa2 53. Kxg5 Rb2 54. Rh3 Kd7 55. Kf6 Rf2+ 56. Ke5 Rd2 57. Rc3 Rh2 58. Kd5 Rd2+ 59. Kc5 Re2 60. Rc4 Kc7 1-0

[Event "Privolzhskogo FO-ch"]
[Site "Togliatti"]
[Date "2011.03.18"]
[Round "9"]
[White "Kharlov, Andrei"]
[Black "Shukh, Nikolai"]
[Result "1-0"]
[WhiteElo "2520"]
[BlackElo "2418"]
[PlyCount "43"]
[EventDate "2011.03.10"]
[EventType "swiss"]
[EventRounds "9"]
[EventCountry "RUS"]
[SourceTitle "CBM 141 Extra"]
[Source "ChessBase"]
[SourceDate "2011.05.03"]
[SourceVersion "1"]
[SourceVersionDate "2011.05.03"]
[SourceQuality "1"]

1. Nf3 Nf6 2. c4 e6 3. g3 d5 4. Bg2 Be7 5. 0-0 0-0 6. b3 Ne4 7. Bb2 Bf6 8. Qc2 Bxb2 9. Qxb2 Qf6 10. d4 c5 11. Nc3 Nxc3 12. Qxc3 cxd4 13. Qxd4 Qxd4 14. Nxd4 dxc4 15. bxc4 Nd7 16. Rab1 Rd8 17. Rfd1 Nc5 18. Nb3 Nd7 19. Nc5 Kf8 20. Bxb7 Rb8 21. Bxc8 Rxb1 22. Nxd7+ 1-0

[Event "Privolzhskogo FO-ch"]
[Site "Togliatti"]
[Date "2011.03.15"]
[Round "6"]
[White "Kharlov, Andrei"]
[Black "Kokarev, Dmitry"]
[Result "1/2-1/2"]
[WhiteElo "2520"]
[BlackElo "2576"]
[PlyCount "43"]
[EventDate "2011.03.10"]
[EventType "swiss"]
[EventRounds "9"]
[EventCountry "RUS"]
[SourceTitle "CBM 141 Extra"]
[Source "ChessBase"]
[SourceDate "2011.05.03"]
[SourceVersion "1"]
[SourceVersionDate "2011.05.03"]
[SourceQuality "1"]

1. e4 c6 2. d4 d5 3. exd5 cxd5 4. c4 Nf6 5. Nc3 Nc6 6. Nf3 Bg4 7. cxd5 Nxd5 8. Qb3 Bxf3 9. gxf3 e6 10. Qxb7 Nxd4 11. Bb5+ Nxb5 12. Qc6+ Ke7 13. Qxb5 Qd7 14. Nxd5+ Qxd5 15. Qxd5 exd5 16. 0-0 Ke6 17. Re1+ Kf5 18. Rd1 Ke6 19. Re1+ Kf5 20. Rd1 Ke6 21. Re1+ Kf5 22. Rd1 1/2-1/2

[Event "Privolzhskogo FO-ch"]
[Site "Togliatti"]
[Date "2011.03.10"]
[Round "1"]
[White "Iliushkin, Evgeny"]
[Black "Kharlov, Andrei"]
[Result "0-1"]
[WhiteElo "2282"]
[BlackElo "2520"]
[PlyCount "102"]
[EventDate "2011.03.10"]
[EventType "swiss"]
[EventRounds "9"]
[EventCountry "RUS"]
[SourceTitle "CBM 141 Extra"]
[Source "ChessBase"]
[SourceDate "2011.05.03"]
[SourceVersion "1"]
[SourceVersionDate "2011.05.03"]
[SourceQuality "1"]

1. c4 e5 2. Nc3 Nf6 3. Nf3 Nc6 4. a3 g6 5. e3 Bg7 6. Be2 0-0 7. d3 d5 8. cxd5 Nxd5 9. Bd2 Nb6 10. b4 a6 11. 0-0 Bf5 12. Qc2 Nc4 13. Bc1 Nd6 14. Rb1 Re8 15. Ne4 Qe7 16. Bb2 Red8 17. Rfd1 a5 18. Nxd6 cxd6 19. b5 Na7 20. e4 Bg4 21. a4 Nc8 22. h3 Bxf3 23. Bxf3 Nb6 24. Bc1 Rdc8 25. Qb3 Qe6 26. Qa3 Rc2 27. Bg4 Qa2 28. Ra1 Qxa3 29. Rxa3 h5 30. Be3 hxg4 31. Bxb6 gxh3 32. gxh3 Bf8 33. Raa1 Bh6 34. d4 exd4 35. Bxd4 Bd2 36. Bb6 Rac8 37. Ra3 Bb4 38. Rad3 Re8 39. Re3 Re6 40. Rd5 Rc4 41. e5 dxe5 42. Bd8 Bd6 43. Bxa5 Rxa4 44. Bc3 Ra3 45. Bb2 Rxe3 46. fxe3 f5 47. Rd3 Kf7 48. Rc3 Re8 49. Kf2 Ra8 50. Rc2 Ra2 51. Rd2 Ba3 0-1

[Event "Moscow op-E"]
[Site "Moscow"]
[Date "2011.02.06"]
[Round "9.23"]
[White "Zhao, Jun"]
[Black "Kharlov, Andrei"]
[Result "0-1"]
[WhiteElo "2599"]
[BlackElo "2516"]
[PlyCount "88"]
[EventDate "2011.01.29"]
[EventType "swiss"]
[EventRounds "9"]
[EventCountry "RUS"]
[SourceTitle "EXT 2022"]
[Source "ChessBase"]
[SourceDate "2021.10.06"]
[SourceVersion "1"]
[SourceVersionDate "2021.10.06"]
[SourceQuality "1"]

1. Nf3 d5 2. c4 e6 3. g3 dxc4 4. Bg2 Nd7 5. Na3 Nb6 6. Qc2 Qd5 7. b3 cxb3 8. axb3 Qd8 9. 0-0 Nd5 10. d4 Ngf6 11. e4 Nb4 12. Qe2 Be7 13. Bf4 c6 14. Nc4 0-0 15. Rfd1 b6 16. Nfe5 a5 17. h4 Bb7 18. g4 b5 19. Ne3 a4 20. bxa4 Rxa4 21. Rac1 Ra2 22. Qf3 Ne8 23. g5 f6 24. gxf6 Bxf6 25. Qg4 Bc8 26. Rb1 Bxh4 27. Rxb4 Bxf2+ 28. Kh1 Nf6 29. Qh3 Qe8 30. Rbb1 Nh5 31. Bh2 Ra3 32. Rd3 Rxd3 33. Nxd3 e5 34. Nf5 Bxd4 35. Qh4 Bxf5 36. exf5 Rxf5 37. Qe4 Rf6 38. Nxe5 Ng3+ 39. Bxg3 Rh6+ 40. Bh3 Rxh3+ 41. Kg2 Rxg3+ 42. Kxg3 Qxe5+ 43. Kf3 Qxe4+ 44. Kxe4 Bc3 0-1

[Event "Moscow op-E"]
[Site "Moscow"]
[Date "2011.02.05"]
[Round "8.31"]
[White "Kharlov, Andrei"]
[Black "Dmitrenko, Viktor"]
[Result "1-0"]
[WhiteElo "2516"]
[BlackElo "2358"]
[PlyCount "127"]
[EventDate "2011.01.29"]
[EventType "swiss"]
[EventRounds "9"]
[EventCountry "RUS"]
[SourceTitle "EXT 2022"]
[Source "ChessBase"]
[SourceDate "2021.10.06"]
[SourceVersion "1"]
[SourceVersionDate "2021.10.06"]
[SourceQuality "1"]

1. c4 e5 2. g3 Nf6 3. Bg2 c6 4. d4 Bb4+ 5. Bd2 Bxd2+ 6. Qxd2 exd4 7. Qxd4 d5 8. cxd5 cxd5 9. Nc3 Nc6 10. Qc5 Be6 11. Rd1 Qb6 12. Qxb6 axb6 13. a3 0-0-0 14. Nf3 Ne4 15. Nb5 Kb8 16. 0-0 Rhe8 17. Rfe1 Na5 18. Ne5 f6 19. Nd3 Bd7 20. Nd4 Ba4 21. Rc1 Nb3 22. Nxb3 Bxb3 23. Nf4 d4 24. Bxe4 Rxe4 25. f3 Re3 26. Kf2 g5 27. Nd3 Rd6 28. h4 h6 29. hxg5 fxg5 30. g4 b5 31. Nc5 b6 32. Ne4 Re6 33. Nd2 Kb7 34. Nf1 R3e5 35. Ng3 Bc4 36. Rcd1 Rd5 37. Nf5 d3 38. exd3 Rxe1 39. Kxe1 Bb3 40. Rd2 h5 41. d4 h4 42. Kf2 Rd8 43. f4 gxf4 44. Kf3 h3 45. Kxf4 Bd5 46. Kg3 Bg2 47. Ne3 Rh8 48. Kh2 Be4 49. Rf2 Ka6 50. Rf4 Re8 51. g5 Bb7 52. Nf5 Re2+ 53. Kxh3 Rxb2 54. g6 Re2 55. g7 Bd5 56. Rg4 Re8 57. Kh4 Ka5 58. Nh6 Ka4 59. Rg5 Bc4 60. d5 Kxa3 61. g8Q Rxg8 62. Nxg8 b4 63. d6 Be6 64. Rd5 1-0

[Event "Moscow op-E"]
[Site "Moscow"]
[Date "2011.02.02"]
[Round "5.36"]
[White "Kharlov, Andrei"]
[Black "Nozdrachev, Leonid"]
[Result "1-0"]
[WhiteElo "2516"]
[BlackElo "2287"]
[PlyCount "68"]
[EventDate "2011.01.29"]
[EventType "swiss"]
[EventRounds "9"]
[EventCountry "RUS"]
[SourceTitle "EXT 2022"]
[Source "ChessBase"]
[SourceDate "2021.10.06"]
[SourceVersion "1"]
[SourceVersionDate "2021.10.06"]
[SourceQuality "1"]

1. g3 Nf6 2. Bg2 g6 3. e4 d6 4. d4 Bg7 5. Ne2 0-0 6. 0-0 e5 7. h3 Nbd7 8. Nbc3 c6 9. a4 a5 10. Be3 Qe7 11. d5 Nc5 12. Qd2 cxd5 13. Nxd5 Nxd5 14. Qxd5 Be6 15. Qd2 Qd7 16. Rfd1 Rfd8 17. Kh2 b5 18. axb5 Qxb5 19. Nc3 Qb4 20. Nd5 Bxd5 21. Qxd5 Qxb2 22. Bxc5 dxc5 23. Qxd8+ Rxd8 24. Rxd8+ Bf8 25. Rxa5 Kg7 26. Raa8 Qxc2 27. Rxf8 Qxf2 28. Rg8+ Kh6 29. Ra7 Kg5 30. Rf8 f5 31. exf5 gxf5 32. Rg7+ Kh6 33. Rgg8 c4 34. Rf6+ Kh5 1-0

[Event "Chigorin Memorial 18th"]
[Site "St Petersburg"]
[Date "2010.11.04"]
[Round "8"]
[White "Kharlov, Andrei"]
[Black "Romanov, Evgeny"]
[Result "1/2-1/2"]
[WhiteElo "2510"]
[BlackElo "2598"]
[PlyCount "78"]
[EventDate "2010.10.28"]
[EventType "swiss"]
[EventRounds "9"]
[EventCountry "RUS"]
[SourceTitle "EXT 2011"]
[Source "ChessBase"]
[SourceDate "2010.11.26"]
[SourceVersion "1"]
[SourceVersionDate "2010.11.26"]
[SourceQuality "1"]

1. d4 d5 2. Bf4 Nf6 3. e3 c5 4. c3 Nc6 5. Nd2 a6 6. Ngf3 cxd4 7. exd4 Bg4 8. h3 Bxf3 9. Nxf3 e6 10. Bd3 Bd6 11. Bxd6 Qxd6 12. 0-0 0-0 13. Qe2 Nd7 14. Rae1 Rae8 15. Ne5 Ndxe5 16. dxe5 Qc5 17. Kh1 g6 18. f4 b5 19. a3 Re7 20. h4 f5 21. exf6 Rxf6 22. Qg4 Qd6 23. Qg5 e5 24. fxe5 Rxe5 25. Rxf6 Rxe1+ 26. Bf1 Re6 27. Rf2 Qe5 28. Qxe5 Nxe5 29. Rd2 Nc4 30. Bxc4 dxc4 31. Kg1 Kf7 32. Kf2 Ke7 33. Rd4 Rf6+ 34. Ke3 Rf1 35. Re4+ Kd6 36. Rf4 Re1+ 37. Kd4 Rd1+ 38. Ke3 Re1+ 39. Kd4 Rd1+ 1/2-1/2